000
00200nam a22000977a 4500
082
_a
954.91 PAK'I
245
_a
PAKISTAN YEAR BOOK 1969
260
_a
LAHORE
_b
NPH
_c
1969
300
_a
531P
942
_c
BK
999
_c
584818
_d
584818